| 000 | 01210nam0a2200313 i 4500 | ||
|---|---|---|---|
| 001 | RU\NLR\BIBL_A\010543373 | ||
| 005 | 20240725013006.0 | ||
| 010 |
_a9785898772222 _9200 |
||
| 021 |
_aRU _b14-71774 |
||
| 035 | _a(NILC)RuMoRGB-007556055 | ||
| 035 | _a(NLR Aleph) 010543373 | ||
| 090 |
_a10304784 _c10304784 |
||
| 100 | _a20141124d2014 km y0rusy50 ca | ||
| 101 | 0 | _arus | |
| 102 | _aRU | ||
| 105 | _aac||z|||000gy | ||
| 200 | 1 |
_aЧтобы ты меня встречала _eстихотворения _fАлександр Кукушкин |
|
| 210 |
_aРязань _cРусское слово _d2014 |
||
| 215 |
_a93, [2] с. _cил., портр. _d20 |
||
| 300 | _aВ аннот. авт.: Кукушкин А.П., подполковник | ||
| 327 | 1 | _aСодерж.: циклы: Чемоданы поставлены в ряд; С присягой сверяя дела; У яблонь на виду; Над гладью Оки | |
| 686 | 2 | _aШ6(2=Р)8-5 | |
| 700 | 1 |
_aКукушкин _bА. П. _f1945- _gАлександр Порфирьевич |
|
| 801 | 0 |
_aRU _bРГБ _c20140922 _gRCR |
|
| 942 | _cBOOK | ||
| 980 | _aNBR | ||